|
|
|
|
| LEADER |
00000nam a2200000 a 4500 |
| 001 |
vtls001354486 |
| 003 |
SK-MaSNL |
| 005 |
20260301114913.0 |
| 008 |
240313s1975 xx 0 und |
| 035 |
|
|
|a SNK000307926
|
| 040 |
|
|
|a SNK
|b slo
|c SNK
|e AACR2
|
| 100 |
1 |
|
|a Daňková, Hana
|4 aut
|9 278466
|
| 245 |
1 |
|
|a Pozorování a vyhodnocování povrchových a podzemních vod hydrologickou službov HMÚ
|
| 260 |
|
|
|a Praha
|b HÚP
|c 1975
|
| 300 |
|
|
|a 67 s.
|
| 958 |
|
|
|a OND
|
| 999 |
|
|
|c 720187
|d 722117
|
| 952 |
|
|
|a SNK
|b SNK
|y PREZ
|7 0
|p 17A0959719
|o snkSC 37043
|0 0
|1 0
|4 0
|d 2012-11-12
|l 0
|r 2025-10-10 00:00:00
|w 2026-02-23
|
| 952 |
|
|
|a SNK
|b SNK
|y VYP
|7 0
|p 17A0178780
|o snkSC 37043 D1
|0 0
|1 0
|4 0
|d 1999-02-04
|l 0
|r 2005-01-02 00:00:00
|w 2026-02-23
|